Govt. of
Madhya Pradesh

Among Country Schools (Record no. 37342)

MARC details
000 -LEADER
fixed length control field 002790000a22001330004500
003 - CONTROL NUMBER IDENTIFIER
control field MACL
040 ## - CATALOGING SOURCE
Original cataloging agency MACL
090 ## - LOCALLY ASSIGNED LC-TYPE CALL NUMBER (OCLC); LOCAL CALL NUMBER (RLIN)
-- 37745
-- 37743
100 ## - MAIN ENTRY--PERSONAL NAME
Personal name Kern, O J
245 ## - TITLE STATEMENT
Title Among Country Schools
260 ## - PUBLICATION, DISTRIBUTION, ETC. (IMPRINT)
Name of publisher, distributor, etc. Ginn and Company
650 ## - SUBJECT ADDED ENTRY--TOPICAL TERM
Topical term or geographic name as entry element Education
942 ## - ADDED ENTRY ELEMENTS (KOHA)
Koha item type Library Membar
Call number prefix 379.173/KER
Holdings
Withdrawn status Lost status Source of classification or shelving scheme Damaged status Not for loan Home library Current library Date acquired Full call number Barcode Date last seen Uniform Resource Identifier Price effective from Koha item type
          MACL MACL 15/04/2015 379.173/KER BOOK CLE000314 29/04/2015 37554 15/04/2015 Books